000 01007nam2a2200265 4500
001 RU\NLR\b_ik\199270
005 20250613194957.0
010 _a978-5-7882-1297-5
_bч. 2
_9100
021 _aRU
_b2012-98565
_97279
035 _a(NLR Aleph) 009995125
090 _a9756280
_c9756280
100 _a20130123d2012 |||y0rusy50 ca
101 0 _aeng
_drus
102 _aRU
105 _aa |||||||||
200 0 _aPt. 2
210 _d2012
_aБ. м.
215 _a273 с.
_cил.
300 _aРез. на рус. яз.
461 0 _1001RU\NLR\b_ik\199651
_12001#$aPlastics technology$vPt. 2
_99758838
_aSof'ina, S. J.
_cКазань
_d2012
_fS.Yu. Sofina
_nИзд-во КНИТУ
_otutorial : [for the masters studying the disciplines "Chemistry and physics of macromolecular compounds", "General chemical technology of polymers", "Plastics technology"]
_tPlastics technology
_y9785788212951
_vPt. 2
801 0 _aRU
_bNLR
_c20130123
_gRCR
801 1 _aRU
_bNLR
_c20130123
942 _cBOOK
980 _aNB